000 00282nam a2200121Ia 4500
008 190216s9999||||xx |||||||||||||| ||und||
100 _aVivekanandan G
245 0 _aRaga Pooja
260 _bPoorna Pubs Kozhikode
_c1978
300 _a310p
650 _aMalayalam Novel
942 _cBK
999 _c26491
_d26491